[Event "Mitropa Cup (Women)"]
[Site "Trencin"]
[Date "2025.05.22"]
[Round "9.2"]
[White "Mrvova, Alena"]
[Black "Terbe, Zsuzsanna"]
[Result "0-1"]
[WhiteElo "2116"]
[BlackElo "2175"]
[PlyCount "118"]
[EventDate "2025.05.14"]
[EventType "team-tourn"]
[EventRounds "9"]
[EventCountry "SVK"]
[SourceTitle "CB22_2025"]
[SourceDate "2025.05.28"]
[SourceVersion "1"]
[SourceVersionDate "2025.05.28"]
[SourceQuality "1"]
[WhiteTeam "Slovakia (W)"]
[BlackTeam "Hungary (W)"]
[WhiteTeamCountry "SVK"]
[BlackTeamCountry "HUN"]

1. e4 c5 2. Nf3 Nc6 3. d3 Nf6 4. g3 d5 5. Nbd2 e5 6. Bg2 Be7 7. 0-0 0-0 8. a4 Qc7 9. c3 Rd8 10. Qc2 d4 11. Re1 h6 12. Nf1 Be6 13. c4 a6 14. h3 b5 15. axb5 Nb4 16. Qe2 axb5 17. Rxa8 Rxa8 18. Nxe5 Qxe5 19. f4 Qc7 20. e5 Ra1 21. exf6 Bxf6 22. cxb5 Qb6 23. Bd2 Rxe1 24. Bxe1 Qxb5 25. Bxb4 Qxb4 26. g4 c4 27. dxc4 Bxc4 28. Qe8+ Kh7 29. Qe4+ g6 30. g5 hxg5 31. fxg5 Bxg5 32. Qxd4 Qb3 33. Qc3 Qb6+ 34. Kh1 Bxf1 35. Bxf1 Qf2 36. Bg2 Be3 37. Kh2 Bf4+ 38. Kh1 Be3 39. Kh2 Qg1+ 40. Kg3 Bd4 41. Qd2 Be5+ 42. Kf3 Qh2 43. Ke4 Bg7 44. Kf3 Qe5 45. Qd7 Qf6+ 46. Kg3 Qg5+ 47. Kf3 Qh5+ 48. Kf2 Qh4+ 49. Kf3 f5 50. Qb7 Qe1 51. b3 Kh6 52. Qd5 Be5 53. b4 f4 54. Qe4 Qd1+ 55. Qe2 Qb3+ 56. Ke4 Qxb4+ 57. Kd5 Qd6+ 58. Ke4 Qc6+ 59. Kd3 Qb5+ 0-1

[Event "SVK-ch rapid"]
[Site "Poprad"]
[Date "2025.05.03"]
[Round "7"]
[White "Mrvova, Alena"]
[Black "Korenova, Simona"]
[Result "0-1"]
[WhiteElo "2049"]
[BlackElo "1888"]
[PlyCount "116"]
[EventDate "2025.05.03"]
[EventType "swiss (rapid)"]
[EventRounds "7"]
[EventCountry "SVK"]
[SourceTitle "CB19_2025"]
[SourceDate "2025.05.07"]
[SourceVersion "1"]
[SourceVersionDate "2025.05.07"]
[SourceQuality "1"]

1. e4 c5 2. Nf3 d6 3. g3 Nf6 4. d3 g6 5. Bg2 Bg7 6. 0-0 0-0 7. h3 Nc6 8. c3 Bd7 9. Re1 Rc8 10. Be3 a6 11. a4 Na5 12. Nbd2 b5 13. axb5 axb5 14. b4 cxb4 15. cxb4 Nc6 16. Rb1 Ne8 17. d4 f5 18. Ng5 Bxd4 19. Qb3+ Kg7 20. exf5 Bxe3 21. Qxe3 Rxf5 22. f4 e5 23. Rec1 Nd4 24. Be4 Rf8 25. fxe5 dxe5 26. Ngf3 Bxh3 27. Nxe5 Nf5 28. Qa7+ Rc7 29. Rxc7+ Qxc7 30. Qxc7+ Nxc7 31. Rc1 Ne6 32. Kh2 Ng5 33. Rc7+ Kh8 34. Bc6 Nd4 35. Bd5 Rf2+ 36. Kg1 Rxd2 37. g4 Ne2+ 38. Kf2 Nf4+ 39. Kg3 Nxd5 40. Rc8+ Kg7 41. Kh4 h6 42. Rd8 Rd4 43. Kg3 Bf1 44. Nc6 Rd3+ 45. Kf2 Rf3+ 46. Kg1 Nh3+ 47. Kh1 Ndf4 48. Rd7+ Kf8 49. Ne5 Bg2+ 50. Kh2 Rb3 51. Nxg6+ Nxg6 52. Kxg2 Nhf4+ 53. Kf2 Rxb4 54. Rb7 Ne5 55. Kg3 Ne2+ 56. Kh4 Rxg4+ 57. Kh5 Nf4+ 58. Kxh6 Nf7+ 0-1

[Event "SVK-ch rapid"]
[Site "Poprad"]
[Date "2025.05.03"]
[Round "5"]
[White "Mrvova, Alena"]
[Black "Stevik, Patrik1"]
[Result "0-1"]
[WhiteElo "2049"]
[BlackElo "2194"]
[PlyCount "161"]
[EventDate "2025.05.03"]
[EventType "swiss (rapid)"]
[EventRounds "7"]
[EventCountry "SVK"]
[SourceTitle "CB19_2025"]
[SourceDate "2025.05.07"]
[SourceVersion "1"]
[SourceVersionDate "2025.05.07"]
[SourceQuality "1"]

1. e4 e5 2. Nf3 Nc6 3. Bb5 Nge7 4. c3 d5 5. Qe2 a6 6. Ba4 Bg4 7. d3 Qd6 8. h3 dxe4 9. hxg4 exf3 10. Qxf3 0-0-0 11. Bc2 f6 12. Nd2 Nd5 13. g3 Kb8 14. Ne4 Qd7 15. Bd2 Be7 16. 0-0-0 h6 17. Kb1 Na7 18. Bc1 Qc6 19. Qe2 Rhe8 20. Bb3 Bf8 21. Qc2 Qd7 22. f3 c6 23. Qf2 Qc7 24. a3 c5 25. c4 Nb6 26. f4 Nc6 27. Rd2 Nd4 28. Bd1 Ka8 29. Rh5 exf4 30. gxf4 Nxc4 31. dxc4 Rxe4 32. Rd3 Bd6 33. Rd5 Rde8 34. Be3 Bxf4 35. Bxd4 cxd4 36. Qc2 Be3 37. Qa4 Rc8 38. Bf3 Re7 39. Ra5 Ka7 40. Bd5 Qd6 41. Qb3 Qb6 42. Qa4 Rc5 43. Rxc5 Qxc5 44. b4 Qd6 45. b5 Bf2 46. Rb3 Re1+ 47. Ka2 Re2+ 48. Rb2 d3 49. bxa6 Qxa6 50. Qxa6+ bxa6 51. Bf3 Rxb2+ 52. Kxb2 Bd4+ 53. Kb3 Kb6 54. Be4 d2 55. Kc2 Be3 56. Bf3 Kc5 57. Kd3 Bf4 58. Be2 g6 59. Ke4 Be5 60. Kd3 Bf4 61. Ke4 Bg5 62. Kd3 a5 63. Ke4 f5+ 64. gxf5 gxf5+ 65. Kxf5 Kd4 66. c5 Ke3 67. Bd1 Kf2 68. c6 Bd8 69. Ke6 Ke1 70. Ba4 d1Q 71. Bxd1 Kxd1 72. Kd7 Bb6 73. Kc8 h5 74. Kb7 Bd8 75. Kc8 Bg5 76. Kb7 Bf4 77. Kb6 a4 78. Kb5 h4 79. Kxa4 h3 80. Kb5 h2 81. Kb6 0-1

[Event "Olympiad Women-45"]
[Site "Budapest"]
[Date "2024.09.12"]
[Round "2.32"]
[White "Mrvova, Alena"]
[Black "Agajanova, Meryem"]
[Result "0-1"]
[WhiteElo "2121"]
[BlackElo "2007"]
[PlyCount "114"]
[EventDate "2024.09.11"]
[EventType "team-swiss"]
[EventRounds "11"]
[EventCountry "HUN"]
[SourceTitle "EXT 2025"]
[Source "ChessBase"]
[SourceDate "2024.10.14"]
[SourceVersion "1"]
[SourceVersionDate "2024.10.14"]
[SourceQuality "1"]
[WhiteTeam "Slovakia (W)"]
[BlackTeam "Turkmenistan (W)"]
[WhiteTeamCountry "SVK"]
[BlackTeamCountry "TKM"]

1. e4 e6 2. d3 d5 3. Nd2 Nf6 4. Ngf3 c5 5. g3 g6 6. Bg2 Bg7 7. 0-0 0-0 8. Re1 Nc6 9. Qe2 a5 10. Nf1 a4 11. a3 b5 12. e5 Nd7 13. Bf4 Ba6 14. h4 b4 15. c4 Nb6 16. Ne3 Ra7 17. cxd5 Nxd5 18. Bg5 f6 19. exf6 Nxf6 20. Ng4 Qd6 21. Nh6+ Kh8 22. Qxe6 Qxe6 23. Rxe6 Nd8 24. Rd6 Nb7 25. Rc6 Nd5 26. axb4 Bb5 27. Re6 Bxb2 28. Rae1 a3 29. Nd2 Nd8 30. Rd6 Nxb4 31. Bxd8 Nxd3 32. Re7 Rxe7 33. Bxe7 a2 34. Nb3 Re8 35. Bg5 c4 36. Bd5 Rf8 37. Be7 cxb3 38. Bxf8 a1Q+ 39. Kh2 Be8 40. Rd8 Qe1 41. Nf7+ Bxf7 42. Bh6+ Qe8 43. Rxe8+ Bxe8 44. Bxb3 Nxf2 45. Bf4 Ng4+ 46. Kg2 Bc6+ 47. Kf1 Be5 48. Bxe5+ Nxe5 49. Be6 Kg7 50. Kf2 Kf6 51. Bc8 Bd7 52. Bb7 Kf5 53. Ba6 Kg4 54. Be2+ Kh3 55. Bf1+ Kh2 56. Ba6 Bc6 57. h5 gxh5 0-1

[Event "Skalica op"]
[Site "Skalica"]
[Date "2024.08.07"]
[Round "6"]
[White "Mrvova, Alena"]
[Black "Hitka, Dominik"]
[Result "1-0"]
[WhiteElo "2157"]
[BlackElo "1929"]
[PlyCount "81"]
[EventDate "2024.08.03"]
[EventType "swiss"]
[EventRounds "9"]
[EventCountry "SVK"]
[SourceTitle "CBM 221 Extra"]
[Source "ChessBase"]
[SourceDate "2024.09.30"]
[SourceVersion "1"]
[SourceVersionDate "2024.09.30"]
[SourceQuality "1"]

1. e4 e6 2. d3 c5 3. Nf3 Nc6 4. g3 d6 5. Bg2 Nf6 6. 0-0 Be7 7. Re1 Qc7 8. c3 e5 9. Qe2 0-0 10. Nbd2 Rb8 11. Nf1 b5 12. Ne3 a5 13. Nd5 Qd8 14. Nxe7+ Nxe7 15. d4 cxd4 16. cxd4 Ng6 17. h3 Re8 18. d5 Nd7 19. Be3 Rb7 20. Rac1 Nb8 21. Nh2 f5 22. exf5 Bxf5 23. h4 Ne7 24. h5 Bd7 25. g4 Na6 26. Qd2 a4 27. h6 Ng6 28. Bg5 Qa8 29. Be4 Nc5 30. Bf5 Bxf5 31. gxf5 gxh6 32. fxg6 hxg5 33. Ng4 Qd8 34. Nxe5 Rxe5 35. Rxe5 dxe5 36. Rxc5 h5 37. d6 Rd7 38. Qd5+ Kg7 39. Qxe5+ Kxg6 40. Qe6+ Kg7 41. Qxd7+ 1-0

[Event "Skalica op"]
[Site "Skalica"]
[Date "2024.08.04"]
[Round "2"]
[White "Mrvova, Alena"]
[Black "Groessing, Daniel Yosuke"]
[Result "0-1"]
[WhiteElo "2157"]
[BlackElo "1983"]
[PlyCount "90"]
[EventDate "2024.08.03"]
[EventType "swiss"]
[EventRounds "9"]
[EventCountry "SVK"]
[SourceTitle "CBM 221 Extra"]
[Source "ChessBase"]
[SourceDate "2024.09.30"]
[SourceVersion "1"]
[SourceVersionDate "2024.09.30"]
[SourceQuality "1"]

1. e4 e6 2. d3 d5 3. Nd2 Nf6 4. Ngf3 Nc6 5. c3 Bd6 6. g3 0-0 7. Bg2 dxe4 8. dxe4 e5 9. 0-0 a5 10. a4 Bc5 11. Qe2 b6 12. h3 Ba6 13. Nc4 Ne8 14. b3 Nd6 15. Nfd2 Qe7 16. Re1 Qe6 17. Kh2 Nxc4 18. Nxc4 Bxc4 19. bxc4 Rad8 20. f4 Qd7 21. f5 Qd3 22. Qg4 Kh8 23. Ba3 Bxa3 24. Rxa3 Qxc4 25. f6 Rg8 26. Qh4 Rd2 27. g4 g5 28. Qg3 Qc5 29. Raa1 Rgd8 30. Rf1 R8d3 31. Rf3 Qxc3 32. Raf1 Nd4 33. Rxd3 Rxd3 34. Qf2 Rd2 35. Qg3 Qxg3+ 36. Kxg3 c5 37. Rb1 Rd3+ 38. Kf2 Rd2+ 39. Kf1 c4 40. Rxb6 h6 41. Rb8+ Kh7 42. Rc8 Rc2 43. Kg1 c3 44. Rc5 Rc1+ 45. Kf2 c2 0-1

[Event "SVK-ch (Women)"]
[Site "Bratislava"]
[Date "2024.06.22"]
[Round "9"]
[White "Mrvova, Alena"]
[Black "Bochnickova, Simona"]
[Result "0-1"]
[WhiteElo "2142"]
[BlackElo "2065"]
[PlyCount "98"]
[EventDate "2024.06.14"]
[EventType "tourn"]
[EventRounds "9"]
[EventCountry "SVK"]
[SourceTitle "CBM 220 Extra"]
[Source "ChessBase"]
[SourceDate "2024.07.31"]
[SourceVersion "1"]
[SourceVersionDate "2024.07.31"]
[SourceQuality "1"]

1. Nf3 Nf6 2. d3 e6 3. e4 c5 4. g3 Nc6 5. Bg2 d5 6. Nbd2 Be7 7. 0-0 0-0 8. Re1 b5 9. e5 Nd7 10. c3 Bb7 11. Nf1 a5 12. h4 b4 13. a4 Ba6 14. Bf4 bxc3 15. bxc3 Rb8 16. Qc2 Qc8 17. Ne3 d4 18. Nc4 dxc3 19. Qxc3 Nb4 20. Red1 Nb6 21. Nd6 Bxd6 22. exd6 N6d5 23. Qd2 Nxf4 24. Qxf4 Nxd3 25. Rxd3 Bxd3 26. Ne5 c4 27. Qd4 Qd8 28. Nc6 Qb6 29. Qf4 Rbd8 30. Qe5 Kh8 31. Rc1 Rd7 32. h5 Re8 33. h6 f6 34. hxg7+ Kxg7 35. Qf4 Qc5 36. Qg4+ Qg5 37. Qxg5+ fxg5 38. Nxa5 Rc8 39. Nb7 Rb8 40. Na5 Rc8 41. Nb7 c3 42. f4 c2 43. Kf2 gxf4 44. gxf4 Ba6 45. Na5 Rxd6 46. Bf3 Rc3 47. Bg4 Rd2+ 48. Ke1 Rg2 49. Bh5 Re3+ 0-1

[Event "EU-ch Rapid (Women)"]
[Site "Monaco"]
[Date "2024.01.13"]
[Round "2"]
[White "Hrebenshchykova, Yelyzaveta"]
[Black "Mrvova, Alena"]
[Result "1-0"]
[WhiteElo "2275"]
[BlackElo "2160"]
[PlyCount "81"]
[EventDate "2024.01.13"]
[EventType "swiss (rapid)"]
[EventRounds "11"]
[EventCountry "MNC"]
[SourceTitle "CBM 218 Extra"]
[Source "ChessBase"]
[SourceDate "2024.03.31"]
[SourceVersion "1"]
[SourceVersionDate "2024.03.31"]
[SourceQuality "1"]

1. e4 c5 2. Nf3 e6 3. d4 cxd4 4. Nxd4 a6 5. Bd3 Qc7 6. 0-0 Nf6 7. Qe2 d6 8. c4 Nbd7 9. Nc3 Ne5 10. Kh1 Be7 11. f4 Nxd3 12. Qxd3 0-0 13. f5 g6 14. Bh6 Re8 15. Bg5 Ng4 16. f6 Bf8 17. Qh3 h5 18. Nde2 Qxc4 19. Qg3 Qc5 20. Bf4 e5 21. Bg5 Bh6 22. Bxh6 Nxh6 23. Qg5 Ng4 24. Nd5 Be6 25. h3 Kh7 26. hxg4 Bxg4 27. Nec3 Rh8 28. Qe3 Qxe3 29. Nxe3 Be6 30. Rad1 Rhd8 31. Rd2 Kh6 32. Rfd1 Kg5 33. Rxd6 Rxd6 34. Rxd6 Kxf6 35. Ned5+ Kg5 36. Nc7 Rg8 37. Nxe6+ fxe6 38. Rxe6 Kf4 39. Kh2 h4 40. Re7 g5 41. Nd5+ 1-0

[Event "EU-ch Rapid (Women)"]
[Site "Monaco"]
[Date "2024.01.13"]
[Round "4"]
[White "Vajda, Szidonia"]
[Black "Mrvova, Alena"]
[Result "1-0"]
[WhiteElo "2283"]
[BlackElo "2160"]
[PlyCount "117"]
[EventDate "2024.01.13"]
[EventType "swiss (rapid)"]
[EventRounds "11"]
[EventCountry "MNC"]
[SourceTitle "CBM 218 Extra"]
[Source "ChessBase"]
[SourceDate "2024.03.31"]
[SourceVersion "1"]
[SourceVersionDate "2024.03.31"]
[SourceQuality "1"]

1. e4 c5 2. c3 d5 3. exd5 Qxd5 4. d4 Nf6 5. Nf3 e6 6. Be3 Nc6 7. Bd3 cxd4 8. cxd4 Bb4+ 9. Nc3 0-0 10. 0-0 Qh5 11. Ne2 Bd6 12. h3 Ne7 13. Ng3 Qa5 14. Bg5 Ned5 15. Ne5 h6 16. Bd2 Qd8 17. Rc1 Bb4 18. Bb1 Bxd2 19. Qxd2 Nd7 20. Qd3 f5 21. Rfe1 N7f6 22. Ng6 Re8 23. a3 Kh7 24. Ne5 Nf4 25. Qe3 N6d5 26. Qf3 Qf6 27. Ba2 Re7 28. Nh5 Nxh5 29. Qxh5 b6 30. Bxd5 exd5 31. Re3 f4 32. Rec3 Bf5 33. Rc6 Qf8 34. Rc7 Rae8 35. R1c6 Rxc7 36. Rxc7 Bb1 37. Rf7 Qd6 38. Rxf4 Bg6 39. Qg4 Rxe5 40. dxe5 Qxe5 41. Rd4 Qe1+ 42. Kh2 Qxf2 43. Rxd5 Qxb2 44. Qg3 Be4 45. Rd7 a5 46. Re7 Bg6 47. Qc7 Qf6 48. Re3 b5 49. Qxa5 Qf4+ 50. Rg3 h5 51. Qb4 Qe5 52. Qh4 Kh6 53. Qd8 Bh7 54. h4 Bf5 55. Qg5+ Kh7 56. Qxh5+ Kg8 57. Qg5 g6 58. h5 Qh8 59. Qxf5 1-0

[Event "SVK-chT1E 2223"]
[Site "Slovakia"]
[Date "2023.12.17"]
[Round "6.2"]
[White "Mrvova, Alena"]
[Black "Vrana, Frantisek"]
[Result "1-0"]
[WhiteElo "2160"]
[BlackElo "2178"]
[PlyCount "81"]
[EventDate "2023.10.21"]
[EventType "team-tourn"]
[EventRounds "11"]
[EventCountry "SVK"]
[SourceTitle "EXT 2025"]
[Source "ChessBase"]
[SourceDate "2024.10.14"]
[SourceVersion "1"]
[SourceVersionDate "2024.10.14"]
[SourceQuality "1"]
[WhiteTeam "Dunajov Martin II"]
[BlackTeam "Rajecke Teplice Slovan"]
[WhiteTeamCountry "SVK"]
[BlackTeamCountry "SVK"]

1. e4 e6 2. d3 d5 3. Nd2 c5 4. g3 Nc6 5. Bg2 Nf6 6. Ngf3 Be7 7. 0-0 0-0 8. a4 a6 9. Qe2 Rb8 10. Nb3 b5 11. axb5 axb5 12. Bf4 Rb6 13. Na5 Nxa5 14. Rxa5 b4 15. Rfa1 Bb7 16. Nd2 Nd7 17. Nb3 Re8 18. h4 Qc8 19. e5 f6 20. exf6 Bxf6 21. Bc1 Rc6 22. Nd2 Ne5 23. Nf1 Nf7 24. Ne3 Bd4 25. Nd1 c4 26. Be3 cxd3 27. Qxd3 Bf6 28. Qb5 Rc4 29. Qa4 Be7 30. Ra7 Nd6 31. Bf4 Bc6 32. Qb3 Nb5 33. Rxe7 Rxe7 34. Ne3 Nd4 35. Qd3 Bb5 36. Nxd5 Re8 37. Nb6 Qc5 38. Nxc4 Bxc4 39. Qe3 Bd5 40. Be5 Bxg2 41. Bxd4 1-0

[Event "SVK-chT2D 2324"]
[Site "Slovakia"]
[Date "2023.12.02"]
[Round "5.1"]
[White "Hando, Vilmos"]
[Black "Mrvova, Alena"]
[Result "1-0"]
[WhiteElo "2378"]
[BlackElo "2143"]
[PlyCount "62"]
[EventDate "2023.10.07"]
[EventType "team-tourn"]
[EventRounds "11"]
[EventCountry "SVK"]
[SourceTitle "EXT 2025"]
[Source "ChessBase"]
[SourceDate "2024.10.14"]
[SourceVersion "1"]
[SourceVersionDate "2024.10.14"]
[SourceQuality "1"]
[WhiteTeam "Moldava nad Bodvou"]
[BlackTeam "Kosice 1 CC"]
[WhiteTeamCountry "SVK"]
[BlackTeamCountry "SVK"]

1. d4 d5 2. c4 e6 3. Nc3 Bb4 4. Nf3 Nf6 5. e3 c5 6. a3 cxd4 7. axb4 dxc3 8. bxc3 Qc7 9. Qb3 0-0 10. Bb2 Nc6 11. cxd5 exd5 12. c4 dxc4 13. Bxc4 Ne4 14. Bd5 Nf6 15. Bxf6 gxf6 16. 0-0 Ne7 17. Bc4 Bg4 18. Nd4 Rac8 19. Bd3 Qb6 20. h3 Bd7 21. Ra5 Ng6 22. Rh5 Kg7 23. Bf5 Rc7 24. Qd5 Bc6 25. Qd6 Bd7 26. Qg3 Rg8 27. Bxd7 Rxd7 28. Nf5+ Kf8 29. Rxh7 Rd5 30. Rc1 Qd8 31. Qf3 Ne5 1-0

[Event "SVK-ch Rapid"]
[Site "Podbanske"]
[Date "2023.09.30"]
[Round "2"]
[White "Mrvova, Alena"]
[Black "Turcan, Richard"]
[Result "1-0"]
[WhiteElo "2166"]
[BlackElo "2402"]
[PlyCount "71"]
[EventDate "2023.09.30"]
[EventType "tourn (rapid)"]
[EventRounds "10"]
[EventCountry "SVK"]
[SourceTitle "CBM 216 Extra"]
[Source "ChessBase"]
[SourceDate "2023.11.30"]
[SourceVersion "1"]
[SourceVersionDate "2023.11.30"]
[SourceQuality "1"]

1. Nf3 c5 2. c4 Nc6 3. g3 g6 4. Bg2 Bg7 5. 0-0 d6 6. e3 e5 7. d3 Nge7 8. Nc3 0-0 9. Nd2 Rb8 10. a3 a6 11. Rb1 b5 12. cxb5 axb5 13. b4 cxb4 14. axb4 Be6 15. Nde4 h6 16. Ne2 Qd7 17. d4 exd4 18. exd4 Nd5 19. Nf4 Ncxb4 20. Nxe6 fxe6 21. Ba3 Na2 22. Qb3 b4 23. Qxa2 Ra8 24. Rxb4 Nxb4 25. Qb3 Nd5 26. Bxd6 Rfc8 27. Be5 Qa4 28. Qf3 Bxe5 29. dxe5 Kg7 30. Nd6 Rf8 31. Qe2 Qa2 32. Qg4 Ne7 33. Bxa8 Qxa8 34. Qxe6 Ng8 35. Qd7+ Kh8 36. Nf7+ 1-0

[Event "Skalica op-A"]
[Site "Skalica"]
[Date "2023.08.26"]
[Round "8"]
[White "Mrvova, Alena"]
[Black "Rak, Martin"]
[Result "1-0"]
[WhiteElo "2129"]
[BlackElo "1964"]
[PlyCount "85"]
[EventDate "2023.08.19"]
[EventType "swiss"]
[EventRounds "9"]
[EventCountry "SVK"]
[SourceTitle "CBM 215 Extra"]
[Source "ChessBase"]
[SourceDate "2023.09.30"]
[SourceVersion "1"]
[SourceVersionDate "2023.09.30"]
[SourceQuality "1"]

1. Nf3 b6 2. g3 Bb7 3. Bg2 Nf6 4. c4 e6 5. 0-0 Be7 6. d3 0-0 7. e4 d6 8. Nc3 Nbd7 9. Ne1 d5 10. cxd5 exd5 11. exd5 Bb4 12. Nc2 Bxc3 13. bxc3 Bxd5 14. Bxd5 Nxd5 15. c4 N5f6 16. d4 Re8 17. Re1 c5 18. d5 Ne5 19. Ne3 Ne4 20. Bb2 Qf6 21. f4 Nf3+ 22. Qxf3 Qxb2 23. Nf5 Qf6 24. g4 Nd6 25. Nxd6 Qxd6 26. Rad1 Rad8 27. Re4 Rxe4 28. Qxe4 Qd7 29. f5 Re8 30. Qf4 Qa4 31. Rd2 b5 32. d6 Qxc4 33. d7 Rd8 34. Qf3 Qc1+ 35. Rd1 Qc2 36. Re1 Rf8 37. Qa8 g6 38. Qxf8+ Kxf8 39. d8Q+ Kg7 40. f6+ Kh6 41. h4 g5 42. Qf8+ Kg6 43. Qg7# 1-0

[Event "Skalica op-A"]
[Site "Skalica"]
[Date "2023.08.19"]
[Round "1"]
[White "Vykouk, Jan"]
[Black "Mrvova, Alena"]
[Result "1-0"]
[WhiteElo "2486"]
[BlackElo "2129"]
[PlyCount "129"]
[EventDate "2023.08.19"]
[EventType "swiss"]
[EventRounds "9"]
[EventCountry "SVK"]
[SourceTitle "CBM 215 Extra"]
[Source "ChessBase"]
[SourceDate "2023.09.30"]
[SourceVersion "1"]
[SourceVersionDate "2023.09.30"]
[SourceQuality "1"]

1. e4 c5 2. Nc3 Nc6 3. Bb5 g6 4. Bxc6 dxc6 5. f4 e5 6. fxe5 Qh4+ 7. g3 Qe7 8. Nf3 Bg4 9. d3 0-0-0 10. Bg5 Bxf3 11. Bxe7 Bxd1 12. Bxd8 Bxc2 13. Kd2 Bxd3 14. Kxd3 Kxd8 15. Rad1 Bg7 16. Kc4+ Ke7 17. Kxc5 Bxe5 18. Kc4 Nf6 19. Kd3 h5 20. Ke3 Ng4+ 21. Kf3 Bc7 22. h3 Ne5+ 23. Ke2 Re8 24. b3 Nd7 25. Kf3 Nc5 26. b4 Ne6 27. h4 Be5 28. Ne2 a5 29. b5 Rc8 30. bxc6 bxc6 31. Nf4 Nd4+ 32. Kf2 Nb5 33. Ke3 Nc3 34. Rd2 Rb8 35. Nd3 Bg7 36. Rc2 Rd8 37. Rhc1 Bd4+ 38. Kf3 Nb5 39. Rxc6 Bg7 40. Ke3 Bd4+ 41. Ke2 Bg7 42. R6c5 Nd4+ 43. Ke3 Ne6 44. Rxa5 Bd4+ 45. Ke2 Bb6 46. Ra6 Bd4 47. a4 Rb8 48. Rc4 Bg1 49. Rb4 Rc8 50. Rb7+ Ke8 51. Kd1 Bd4 52. Ra5 Nd8 53. Rb3 Bf6 54. Rc5 Ra8 55. a5 Ne6 56. Rd5 Bd8 57. Ra3 Bc7 58. Nb4 Nd8 59. a6 Bb6 60. Rb5 Ba7 61. Rc3 Bd4 62. Rd3 Bg1 63. Nd5 Ne6 64. Nf6+ Kf8 65. Rb8+ 1-0

[Event "EU-ch Rapid"]
[Site "Katowice"]
[Date "2022.12.18"]
[Round "8"]
[White "Gaponenko, Inna"]
[Black "Mrvova, Alena"]
[Result "1-0"]
[WhiteElo "2341"]
[BlackElo "2135"]
[PlyCount "71"]
[EventDate "2022.12.17"]
[EventType "swiss (rapid)"]
[EventRounds "11"]
[EventCountry "POL"]
[SourceTitle "CBM 211 Extra"]
[Source "ChessBase"]
[SourceDate "2023.01.31"]
[SourceVersion "1"]
[SourceVersionDate "2023.01.31"]
[SourceQuality "1"]

1. e4 c5 2. Nf3 d6 3. d4 cxd4 4. Nxd4 Nf6 5. Nc3 g6 6. Be3 Bg7 7. f3 0-0 8. Qd2 Nc6 9. Bc4 Bd7 10. h4 h5 11. 0-0-0 Rc8 12. Bb3 Ne5 13. Bh6 Nc4 14. Bxc4 Rxc4 15. Bxg7 Kxg7 16. g4 Qa5 17. Nb3 Qb4 18. a3 Qb6 19. e5 Ng8 20. exd6 exd6 21. gxh5 Bf5 22. hxg6 fxg6 23. h5 d5 24. Qxd5 Qe3+ 25. Kb1 Rfc8 26. hxg6 Bxg6 27. Qd7+ Qe7 28. Rhe1 Qxd7 29. Rxd7+ Kh6 30. Rxb7 Rxc3 31. bxc3 Rxc3 32. Nd4 Rxa3 33. Rh1+ Kg5 34. Rg7 Kf6 35. Rxg8 Ra4 36. Rh6 1-0

[Event "EU-ch Rapid"]
[Site "Katowice"]
[Date "2022.12.17"]
[Round "6"]
[White "Paehtz, Elisabeth"]
[Black "Mrvova, Alena"]
[Result "1-0"]
[WhiteElo "2464"]
[BlackElo "2135"]
[PlyCount "117"]
[EventDate "2022.12.17"]
[EventType "swiss (rapid)"]
[EventRounds "11"]
[EventCountry "POL"]
[SourceTitle "CBM 211 Extra"]
[Source "ChessBase"]
[SourceDate "2023.01.31"]
[SourceVersion "1"]
[SourceVersionDate "2023.01.31"]
[SourceQuality "1"]

1. d4 Nf6 2. Nf3 e6 3. Bf4 b6 4. e3 Bb7 5. Nbd2 Be7 6. h3 0-0 7. Bd3 c5 8. c3 Nc6 9. Bh2 d6 10. Qe2 a5 11. a4 cxd4 12. exd4 Nd5 13. 0-0 g6 14. Rfe1 Re8 15. Nc4 Bf8 16. Rad1 Qc7 17. Na3 Rad8 18. Qc2 Bh6 19. Bf1 Bf4 20. Bxf4 Nxf4 21. Qd2 Nd5 22. Qh6 f6 23. Bc4 Na7 24. Nd2 Qg7 25. Qh4 g5 26. Qg3 Nf4 27. Bf1 Bc6 28. b3 e5 29. Ndc4 Qc7 30. Ne3 Kh8 31. Nac4 b5 32. axb5 Nxb5 33. Ng4 Qg7 34. Nxa5 Bd7 35. dxe5 fxe5 36. Nb7 Bxg4 37. Nxd8 Bxd1 38. Bxb5 Rxd8 39. Rxd1 h6 40. Bf1 Qf6 41. Qe3 Rf8 42. g3 Ng6 43. Rd2 Ne7 44. Bg2 Qe6 45. b4 d5 46. Re2 e4 47. c4 Nf5 48. cxd5 Qxd5 49. Qxe4 Qd1+ 50. Kh2 Ng7 51. Qc2 Qd4 52. Qb2 Qd6 53. b5 Rf6 54. Rd2 Qb6 55. Qd4 Qxd4 56. Rxd4 Rxf2 57. b6 Rb2 58. Rd8+ Kh7 59. b7 1-0

[Event "EU-ch Blitz"]
[Site "Katowice"]
[Date "2022.12.16"]
[Round "20"]
[White "Barski, Radoslaw"]
[Black "Mrvova, Alena"]
[Result "1-0"]
[WhiteElo "2441"]
[BlackElo "2135"]
[PlyCount "95"]
[EventDate "2022.12.16"]
[EventType "swiss (blitz)"]
[EventRounds "22"]
[EventCountry "POL"]
[SourceTitle "CBM 211 Extra"]
[Source "ChessBase"]
[SourceDate "2023.01.31"]
[SourceVersion "1"]
[SourceVersionDate "2023.01.31"]
[SourceQuality "1"]

1. e4 c5 2. Nf3 d6 3. Bb5+ Bd7 4. Bxd7+ Qxd7 5. 0-0 Nc6 6. Re1 g6 7. c3 Bg7 8. d4 b6 9. a4 Nf6 10. d5 Ne5 11. Nxe5 dxe5 12. Nd2 0-0 13. Nc4 Qc7 14. Be3 Rfd8 15. Qc2 Ng4 16. Bd2 a6 17. f3 Nf6 18. b4 b5 19. Na5 c4 20. Nc6 Rdc8 21. Be3 e6 22. axb5 exd5 23. Na7 Rcb8 24. Rxa6 dxe4 25. fxe4 Ng4 26. Bc5 Qb7 27. h3 Nf6 28. Rea1 Nd7 29. Be3 Qc7 30. Nc6 Rxa6 31. Ne7+ Kf8 32. bxa6 Kxe7 33. b5 Nb6 34. Qa2 Na8 35. Qa3+ Ke8 36. Qa4 Kf8 37. a7 Rb7 38. b6 Qc8 39. Qa6 Kg8 40. Ra4 Bf8 41. Rxc4 Qxc4 42. Qxc4 Re7 43. Qc6 Nxb6 44. Bxb6 Rxa7 45. Bxa7 Kg7 46. Bc5 Bxc5+ 47. Qxc5 f6 48. Qe7+ 1-0

[Event "EU-ch Blitz"]
[Site "Katowice"]
[Date "2022.12.16"]
[Round "4"]
[White "Santos Latasa, Jaime"]
[Black "Mrvova, Alena"]
[Result "1-0"]
[WhiteElo "2668"]
[BlackElo "2135"]
[PlyCount "95"]
[EventDate "2022.12.16"]
[EventType "swiss (blitz)"]
[EventRounds "22"]
[EventCountry "POL"]
[SourceTitle "CBM 211 Extra"]
[Source "ChessBase"]
[SourceDate "2023.01.31"]
[SourceVersion "1"]
[SourceVersionDate "2023.01.31"]
[SourceQuality "1"]

1. Nf3 Nf6 2. c4 c5 3. Nc3 g6 4. d4 cxd4 5. Nxd4 Bg7 6. e4 d6 7. f3 0-0 8. Be3 Nbd7 9. Be2 Ne5 10. Rc1 Bd7 11. 0-0 a6 12. Nb3 Bc6 13. Nd4 Ned7 14. b4 Nb8 15. Qb3 b6 16. Rfd1 Bb7 17. c5 b5 18. a4 bxa4 19. Nxa4 Nc6 20. Nxc6 Bxc6 21. Nb6 Rb8 22. cxd6 Bb5 23. Bxb5 axb5 24. dxe7 Qxe7 25. Bc5 Qb7 26. Bxf8 Bxf8 27. Nd5 Nxd5 28. Rxd5 Qe7 29. Rcd1 Qxb4 30. Qxb4 Bxb4 31. Rd8+ Rxd8 32. Rxd8+ Kg7 33. Rd5 Bc3 34. Rxb5 Bd4+ 35. Kf1 h5 36. g3 Bc3 37. f4 Kf6 38. Ke2 Ke6 39. Kf3 Bd4 40. Ra5 Bc3 41. Ra6+ Ke7 42. e5 Bd4 43. Ke4 Bg1 44. h3 Bf2 45. g4 hxg4 46. hxg4 Bg3 47. Ra7+ Ke8 48. f5 1-0